000 00234 a2200097 4500
001 43440
100 _aMatlhiessen
245 _aOxford Book of American Verse
260 _aNew York
_bOxford University Press
_c
090 _c27265
_d27265
942 _aNUST-CAE
_cM
_c19186
999 _c278513
_d278513